000 00405nam a2200181Ia 4500
001 9519
005 20260306161724.0
008 260306t2007||||xx |||||||||||||| ||spa||
041 _aESP
082 _a379.85
_bV59
100 _aVexler, Idel
_eAUT
245 0 _aNotas de un educador
260 _c2007
300 _a181 páginas :
_ccm.
650 _aGEN
654 _aCED
942 _cLIB
_dJUS
_fJUS
_2ddc
_n
999 _c9519
_d9519